| 000 | 01590cam a2200349 a 4500 | ||
|---|---|---|---|
| 005 | 20190826142455.0 | ||
| 008 | 190826s2009 enkad rf 001 0 eng d | ||
| 015 | _aNNN | ||
| 020 | _a0521877105 | ||
| 020 | _a9780521730716 | ||
| 040 |
_aCO-BoUCM _bspa _cSaul Niño _dSaul Niño |
||
| 041 | 0 | _aeng | |
| 245 | 0 | 4 |
_aThe phylogenetic handbook _ba practical approach to phylogenetic analysis and hypothesis testing _cedited by Philippe Lemey, Marco Salemi and Anne-Mieke Vandamme |
| 250 | _aSegunda edición | ||
| 260 |
_aCambridge _aNew York _bCambridge University Press _c2009 _g(impresión 2017) |
||
| 300 | _axxvi, 723 p. | ||
| 505 | 0 |
_tIntroduction. -- _ghe _tindustrial revolution in Britain. -- _tContinental emulation. -- _tClosing the gap. -- _tShort breath and second wind. -- _gThe _tinterwar years. -- _tReconstruction and growth since 1945. -- _tConclusion. -- _tEpilogue. |
|
| 546 | _aTexto en inglés | ||
| 650 | 7 |
_aFilogenia _vManuales _915713 |
|
| 650 | 7 |
_aProteínas _vManuales _922655 |
|
| 650 | 0 |
_aAnálisis cladístico _vManuales _998150 |
|
| 650 | 7 |
_aAminoácidos _xProcesamiento de datos _vManuales _98900 |
|
| 650 | 7 |
_aADN _xMétodos _vManuales _98629 |
|
| 650 | 2 | 4 |
_aAnálisis de secuencia _xMétodos _vManuales _998154 |
| 650 | 7 |
_aEvolución (Biología) _vManuales _915360 |
|
| 650 | 0 |
_aFenómenos genéticos _986604 |
|
| 700 | 1 |
_aSalemi, Marco _d1968- _eeditor _998155 |
|
| 700 | 1 |
_aVandamme, Anne-Mieke _d1960- _eeditor _998156 |
|
| 700 | 1 |
_aLemey, Philippe _eeditor _998157 |
|
| 942 |
_2DEWEY _a25 _cLIBRORESER _e1 _h575.1 _mP578h |
||
| 999 |
_c314612 _d314612 |
||